000
00297nam a2200133Ia 4500
100
_a
Modi/P.N/ Seth/ S.M
942
_c
BK
654
_a
Hydraluice
245
_a
Hydraulies & Fluid Machine
260
_b
Standard Book House
_a
Delhi
_c
1985
082
_a
532
300
_a
1392
546
_a
ENGLISH
999
_c
24519
_d
24519